000 00282nam a22001337a 4500
008 170322b xxu||||| |||| 00| 0 eng d
020 _a9780716760382
041 _aeng
080 _a616.8
100 _a7
101 _aSHM
245 _aEVOLVING BRAINS
_cALLMAN.J
942 _2udc
_cBK
999 _c8350
_d8350